Statistics for Top 10 Most Spoken Languages in Turkey

Click here to take the quiz!

General Stats

  • This quiz has been taken 1,364 times
  • The average score is 6 of 10

Answer Stats

Population Spoken%Answer% Correct
79,500,00098Turkish
100%
554,4380.70Arabic
92%
3,543,1924.48Kurdish
86%
51,2990.06Greek
84%
49,6070.06English
77%
34,1160.04Armenian
72%
34,7320.04Georgian
58%
20,0190.03Albanian
34%
19,9720.03Bosnian
23%
64,8080.08Circassian
13%

Score Distribution

Percentile by Number Answered

Percent of People with Each Score

Your Score History

You have not taken this quiz